<?xml version="1.0" encoding="UTF-8"?>
<record
    xmlns:xsi="http://www.w3.org/2001/XMLSchema-instance"
    xsi:schemaLocation="http://www.loc.gov/MARC21/slim http://www.loc.gov/standards/marcxml/schema/MARC21slim.xsd"
    xmlns="http://www.loc.gov/MARC21/slim">

  <leader>00395nam a2200169Ia 4500</leader>
  <controlfield tag="003">OSt</controlfield>
  <controlfield tag="005">20230110153748.0</controlfield>
  <controlfield tag="008">211122s9999||||xx |||||||||||||| ||und||</controlfield>
  <datafield tag="040" ind1=" " ind2=" ">
    <subfield code="c">SBCL</subfield>
  </datafield>
  <datafield tag="082" ind1=" " ind2=" ">
    <subfield code="a">320.5</subfield>
    <subfield code="b">BIJ-S</subfield>
  </datafield>
  <datafield tag="100" ind1=" " ind2=" ">
    <subfield code="a">Biju, M R</subfield>
  </datafield>
  <datafield tag="245" ind1=" " ind2="0">
    <subfield code="a">SAJOSPS</subfield>
  </datafield>
  <datafield tag="260" ind1=" " ind2=" ">
    <subfield code="b">Sajosps Publishing</subfield>
    <subfield code="a">Kollam</subfield>
    <subfield code="c">2005</subfield>
  </datafield>
  <datafield tag="630" ind1=" " ind2=" ">
    <subfield code="x">Post Graduate Reference</subfield>
  </datafield>
  <datafield tag="650" ind1=" " ind2=" ">
    <subfield code="a">Social Sciences</subfield>
  </datafield>
  <datafield tag="942" ind1=" " ind2=" ">
    <subfield code="c">BV</subfield>
  </datafield>
  <datafield tag="952" ind1=" " ind2=" ">
    <subfield code="0">0</subfield>
    <subfield code="1">0</subfield>
    <subfield code="2">ddc</subfield>
    <subfield code="4">0</subfield>
    <subfield code="7">0</subfield>
    <subfield code="a">SBCL</subfield>
    <subfield code="b">SBCL</subfield>
    <subfield code="c">11</subfield>
    <subfield code="d">2021-11-22</subfield>
    <subfield code="g">100.00</subfield>
    <subfield code="h">VOLUME 5 NUMBER 2 JANUARY 2005</subfield>
    <subfield code="i">VOLUME 5 NUMBER 2 JANUARY 2005</subfield>
    <subfield code="l">0</subfield>
    <subfield code="o">320.5 BIJ-S5</subfield>
    <subfield code="p">00115333</subfield>
    <subfield code="r">2021-11-22 00:00:00</subfield>
    <subfield code="w">2021-11-22</subfield>
    <subfield code="y">BV</subfield>
    <subfield code="z">VOLUME 5 NUMBER 2 JANUARY 2005</subfield>
  </datafield>
  <datafield tag="952" ind1=" " ind2=" ">
    <subfield code="0">0</subfield>
    <subfield code="1">0</subfield>
    <subfield code="2">ddc</subfield>
    <subfield code="4">0</subfield>
    <subfield code="7">0</subfield>
    <subfield code="a">SBCL</subfield>
    <subfield code="b">SBCL</subfield>
    <subfield code="c">11</subfield>
    <subfield code="d">2021-11-22</subfield>
    <subfield code="g">100.00</subfield>
    <subfield code="h">VOLUME 13 NUMBER 1 JULY 2012</subfield>
    <subfield code="i">VOLUME 13 NUMBER 1 JULY 2012</subfield>
    <subfield code="l">0</subfield>
    <subfield code="o">320.5 BIJ-S13</subfield>
    <subfield code="p">00128805</subfield>
    <subfield code="r">2023-01-10 00:00:00</subfield>
    <subfield code="w">2021-11-22</subfield>
    <subfield code="y">BV</subfield>
    <subfield code="z">VOLUME 13 NUMBER 1 JULY 2012</subfield>
  </datafield>
  <datafield tag="952" ind1=" " ind2=" ">
    <subfield code="0">0</subfield>
    <subfield code="1">0</subfield>
    <subfield code="2">ddc</subfield>
    <subfield code="4">0</subfield>
    <subfield code="7">0</subfield>
    <subfield code="a">SBCL</subfield>
    <subfield code="b">SBCL</subfield>
    <subfield code="c">11</subfield>
    <subfield code="d">2021-11-22</subfield>
    <subfield code="g">100.00</subfield>
    <subfield code="h">VOLUME 11 NUMBER 1 JULY 2010</subfield>
    <subfield code="i">VOLUME 11 NUMBER 1 JULY 2010</subfield>
    <subfield code="l">0</subfield>
    <subfield code="o">320.5 BIJ-S11</subfield>
    <subfield code="p">00129005</subfield>
    <subfield code="r">2023-01-10 00:00:00</subfield>
    <subfield code="w">2021-11-22</subfield>
    <subfield code="y">BV</subfield>
    <subfield code="z">VOLUME 11 NUMBER 1 JULY 2010</subfield>
  </datafield>
  <datafield tag="952" ind1=" " ind2=" ">
    <subfield code="0">0</subfield>
    <subfield code="1">0</subfield>
    <subfield code="2">ddc</subfield>
    <subfield code="4">0</subfield>
    <subfield code="7">0</subfield>
    <subfield code="a">SBCL</subfield>
    <subfield code="b">SBCL</subfield>
    <subfield code="c">11</subfield>
    <subfield code="d">2021-11-22</subfield>
    <subfield code="g">100.00</subfield>
    <subfield code="h">VOLUME 10 NUMBER 2 JANUARY 2010</subfield>
    <subfield code="i">VOLUME 10 NUMBER 2 JANUARY 2010</subfield>
    <subfield code="l">0</subfield>
    <subfield code="o">320.5 BIJ-S10</subfield>
    <subfield code="p">00129004</subfield>
    <subfield code="r">2023-01-10 00:00:00</subfield>
    <subfield code="w">2021-11-22</subfield>
    <subfield code="y">BV</subfield>
    <subfield code="z">VOLUME 10 NUMBER 2 JANUARY 2010</subfield>
  </datafield>
  <datafield tag="999" ind1=" " ind2=" ">
    <subfield code="c">132925</subfield>
    <subfield code="d">132925</subfield>
  </datafield>
</record>
